000
00202 a2200097 4500
001
2248
100
_a
Milne,LM
245
_a
Theoretical Hydro Dynamics
260
_a
_b
Macmillan
_c
090
_c
1632
_d
1632
942
_a
NUST-CAE
_c
M
_c
7025
999
_c
237321
_d
237321